Statistics for The Midwest- Name the states

Click here to take the quiz!

General Stats

  • This quiz has been taken 57 times
  • The average score is 11 of 12

Answer Stats

State% Correct
Minnesota
98%
Iowa
95%
Kansas
95%
Nebraska
95%
North Dakota
95%
Ohio
93%
South Dakota
93%
Wisconsin
93%
Indiana
90%
Michigan
90%
Missouri
90%
Illinois
88%

Score Distribution

Percentile by Number Answered

Percent of People with Each Score

Your Score History

You have not taken this quiz